Cuento de amor : (y de mentiras) :

Uloženo v:
Podrobná bibliografie
Hlavní autor: Barrientos, Alfonso Enrique
Médium: Neznámo
Jazyk:Spanish
Vydáno: Guatemala : José de Pineda Ibarra, 1963.
Vydání:2. edición
Témata:
Tagy: Přidat tag
Žádné tagy, Buďte první, kdo vytvoří štítek k tomuto záznamu!

MARC

LEADER 000000000a22000000004500
001 002979
008 191126b xxu||||| |||| 00| 0 spa d
041 0 |a spa 
082 0 4 |a G863.4   |b B275cu2 
100 1 |a Barrientos, Alfonso Enrique 
245 1 0 |a Cuento de amor :  |b (y de mentiras) :   |c Alfonso Enrique Barrientos. 
250 |a 2. edición 
260 1 |a Guatemala :   |b José de Pineda Ibarra,   |c 1963. 
300 |a 96 páginas 
490 |v volumen 67, 
650 4 |a LITERATURA GUATEMALTECA  |9 46 
650 4 |a NOVELA 
942 |c BK  |2 ddc 
999 |c 9302  |d 9302